Podstata a fungovanie systému národných účtov

Problematika systému národných účtov. Stručný historický vývoj systému národných účtov, definované sú inštitucionálne jednotky, ktoré sú zoskupované do sektorov národnej ekonomiky. Fungovanie systému národných účtov, spôsob zostavovania jednotlivých účtov. V závere príspevku je zoznam jednotlivých ú...

Celý popis

Uložené v:
Podrobná bibliografia
Hlavný autor: Hurbánková, Ľubica, 1980-
Médium: Kapitola
Jazyk:Slovak
Predmet:
Tagy: Pridať tag
Žiadne tagy, Buďte prvý, kto otaguje tento záznam!

MARC

LEADER 00000naa$a2200000$$$4500
001 0090901
005 20240502072021.6
041 0 |a slo 
044 |a SK 
245 1 0 |a Podstata a fungovanie systému národných účtov  |c Ľubica Hurbánková 
520 |a Problematika systému národných účtov. Stručný historický vývoj systému národných účtov, definované sú inštitucionálne jednotky, ktoré sú zoskupované do sektorov národnej ekonomiky. Fungovanie systému národných účtov, spôsob zostavovania jednotlivých účtov. V závere príspevku je zoznam jednotlivých účtov tvoriacich systém národných účtov a uvedené sú jednotlivé položky dvoch konkrétnych účtov. 
610 2 0 |a systémy účtovné 
610 2 0 |a účty národné 
610 2 0 |a účtovníctvo národné 
610 2 0 |a účty 
610 2 0 |a bilancie 
100 1 |a Hurbánková, Ľubica, 1980-